[Event "SV Würselen 1 - SC Hansa Dortmund 2"]
[Site "NRW-Klasse, Gruppe 2 2013/201"]
[Date "2013.11.17"]
[Round "3.3"]
[White "Sundorf, Jannik"]
[Black "Andok, Claus Michael"]
[Result "0-1"]
[WhiteElo "2120"]
[BlackElo "2079"]
[Annotator "Doe,John"]
[PlyCount "62"]
[EventDate "2013.??.??"]
[WhiteTeam "SC Hansa Dortmund 2"]
[BlackTeam "SV Würselen 1"]

1. d4 e6 2. c4 f5 3. g3 Bb4+ 4. Bd2 Qe7 5. Bg2 Nf6 6. Nf3 O-O 7. Nc3 Bxc3 8.
Bxc3 d6 9. b3 Nbd7 10. O-O Ne4 11. Bb2 Ndf6 $11 12. Nd2 b6 13. f3 Nxd2 14. Qxd2
Bb7 15. a4 a5 16. Qc2 Qe8 17. Rae1 Qh5 18. c5 Nd5 19. e4 Nb4 20. Qd2 Ba6 21. f4
Bxf1 22. Bxf1 fxe4 23. cxb6 cxb6 24. Ba3 Rac8 25. Bxb4 axb4 26. Qxb4 Rc2 27.
Bg2 Rfc8 28. h4 Rxg2+ 29. Kxg2 Rc2+ 30. Kh3 Qf5+ 31. g4 Qxf4 0-1

[Event "SV Würselen 1 - SC Hansa Dortmund 2"]
[Site "NRW-Klasse, Gruppe 2 2013/201"]
[Date "2013.11.17"]
[Round "3.4"]
[White "Bien, Stefan"]
[Black "Rempel, Eugen"]
[Result "1/2-1/2"]
[WhiteElo "2050"]
[BlackElo "2151"]
[PlyCount "21"]
[EventDate "2013.??.??"]
[WhiteTeam "SV Würselen 1"]
[BlackTeam "SC Hansa Dortmund 2"]

1. d4 Nf6 2. Nf3 e6 3. Bg5 d5 4. e3 Nbd7 5. Nbd2 Be7 6. Bd3 c6 7. c3 b6 8. O-O
Bb7 9. Qe2 a5 10. Rac1 a4 11. c4 1/2-1/2

[Event "SV Würselen 1 - SC Hansa Dortmund 2"]
[Site "NRW-Klasse, Gruppe 2 2013/201"]
[Date "2013.11.17"]
[Round "3.5"]
[White "Linker, Walter"]
[Black "Kinderreich, Toni"]
[Result "0-1"]
[WhiteElo "2050"]
[BlackElo "2061"]
[PlyCount "52"]
[EventDate "2013.??.??"]
[WhiteTeam "SC Hansa Dortmund 2"]
[BlackTeam "SV Würselen 1"]

1. f4 c5 2. Nf3 b6 3. b3 Bb7 4. e3 Nf6 5. Bb2 e6 6. Be2 Be7 7. O-O d6 8. d3
Nbd7 9. a4 Nd5 10. Qd2 Bf6 11. c3 g5 12. c4 Nxe3 13. Qxe3 Bxb2 14. Ra2 gxf4 15.
Qxf4 Qf6 16. Qd2 Bd4+ 17. Nxd4 Qxd4+ 18. Kh1 Ne5 19. Rf4 Bxg2+ 20. Kxg2 Rg8+
21. Kh3 Qg1 22. Bf1 Qg5 23. Qf2 Ng4 24. Qf3 Qh5+ 25. Kg3 Nxh2+ 26. Kf2 Nxf3 0-1

[Event "SV Würselen 1 - SC Hansa Dortmund 2"]
[Site "NRW-Klasse, Gruppe 2 2013/201"]
[Date "2013.11.17"]
[Round "3.6"]
[White "Heinichen, Nils"]
[Black "Schiefelbusch, Dirk"]
[Result "1/2-1/2"]
[WhiteElo "2044"]
[BlackElo "2091"]
[PlyCount "56"]
[EventDate "2013.??.??"]
[WhiteTeam "SV Würselen 1"]
[BlackTeam "SC Hansa Dortmund 2"]

1. d4 d5 2. c4 c6 3. Nf3 Nf6 4. Nc3 dxc4 5. a4 Bf5 6. e3 e6 7. Bxc4 Bb4 8. O-O
Nbd7 9. h3 h6 10. Bd2 a5 11. Re1 Bg6 12. Na2 Bxd2 13. Qxd2 O-O 14. Nc1 e5 15.
Qc3 Ne4 16. Qb3 exd4 17. exd4 Nd6 18. Bd3 Bxd3 19. Nxd3 Qb6 20. Qc3 Nf6 21. Nc5
Rfe8 22. Ne5 Rad8 23. Rad1 Nd5 24. Qc1 Nf5 25. Qc2 Nd6 26. Qc1 Nf5 27. Qc2 Nd6
28. Qc1 Nf5 1/2-1/2

[Event "SV Würselen 1 - SC Hansa Dortmund 2"]
[Site "NRW-Klasse, Gruppe 2 2013/201"]
[Date "2013.11.17"]
[Round "3.7"]
[White "Zelt, Jens"]
[Black "Sarrau, Jelle"]
[Result "1/2-1/2"]
[WhiteElo "2006"]
[BlackElo "2247"]
[PlyCount "84"]
[EventDate "2013.??.??"]
[WhiteTeam "SC Hansa Dortmund 2"]
[BlackTeam "SV Würselen 1"]

1. d4 Nf6 2. Nf3 e6 3. Bf4 c5 4. c3 Nc6 5. e3 d5 6. Nbd2 Nh5 7. Bg3 Nxg3 8.
hxg3 Bd7 9. Qc2 g6 10. Be2 Rc8 11. O-O Qb6 12. dxc5 Bxc5 13. Nb3 Be7 14. Rad1
Bf6 15. Qb1 Ne7 16. Nbd2 O-O 17. e4 Bc6 18. Bd3 Bg7 19. exd5 Bxd5 20. Be4 Rfd8
21. Bxd5 Rxd5 22. c4 Rd7 23. b3 Rcd8 24. Ne4 Qc6 25. Rxd7 Qxd7 26. Re1 Nc6 27.
Nc5 Qe7 28. Nd3 Nd4 29. Nxd4 Bxd4 30. Qc2 Qd6 31. Kf1 Kg7 32. Rd1 e5 33. Ne1
Qc5 34. Nf3 a5 35. Qe4 Rd6 36. Nxd4 exd4 37. Kg1 b6 38. g4 h6 39. Rd3 Rd7 40.
Qf4 Rd8 41. Qe4 Qd6 42. g3 Rd7 1/2-1/2

[Event "SV Würselen 1 - SC Hansa Dortmund 2"]
[Site "NRW-Klasse, Gruppe 2 2013/201"]
[Date "2013.11.17"]
[Round "3.8"]
[White "Blagojevic, Lubo"]
[Black "Seitz, Simon"]
[Result "1-0"]
[WhiteElo "2033"]
[BlackElo "1961"]
[PlyCount "95"]
[EventDate "2013.??.??"]
[WhiteTeam "SV Würselen 1"]
[BlackTeam "SC Hansa Dortmund 2"]

1. e4 g6 2. d4 Bg7 3. Nf3 c6 4. c4 d5 5. cxd5 cxd5 6. Bb5+ Bd7 7. Bxd7+ Nxd7 8.
e5 e6 9. Qb3 Qb6 10. Qa4 Qc6 11. Nc3 Qxa4 12. Nxa4 Ne7 13. Be3 O-O 14. Rc1 Rfc8
15. Kd2 Rxc1 16. Rxc1 Rc8 17. Rxc8+ Nxc8 18. Nc5 Nxc5 19. dxc5 Ne7 20. b4 Nc6
21. b5 Nxe5 22. Nxe5 Bxe5 23. c6 b6 24. Bd4 Bc7 25. Bf6 Kf8 26. Ke3 Ke8 27. f4
Bd6 28. h3 Be7 29. Bc3 Kd8 30. a4 Kc7 31. Kf3 Kc8 32. g4 f6 33. h4 h6 34. h5
gxh5 35. gxh5 Kc7 36. Ke2 Bd6 37. Bd2 Bf8 38. Kd3 Kc8 39. Kd4 Bc5+ 40. Kc3 Bf8
41. Kb3 Kc7 42. a5 Kc8 43. a6 Kc7 44. Kc2 Kc8 45. Be3 Kc7 46. Kd3 Kc8 47. Bxb6
Kb8 48. Bxa7+ 1-0

[Event "SK Herne-Sodingen 1 - SK Holsterhausen "]
[Site "NRW-Klasse, Gruppe 2 2013/201"]
[Date "2013.11.17"]
[Round "3.1"]
[White "Bee, Marcus"]
[Black "Sandkamp, Ralph"]
[Result "1/2-1/2"]
[WhiteElo "2218"]
[BlackElo "2203"]
[PlyCount "78"]
[EventDate "2013.??.??"]
[WhiteTeam "SK Holsterhausen 1"]
[BlackTeam "SK Herne-Sodingen 1"]

1. g3 g6 2. Bg2 Bg7 3. d4 d5 4. Nf3 Nf6 5. O-O O-O 6. c4 c6 7. Qb3 dxc4 8. Qxc4
Be6 9. Qa4 Nbd7 10. Nc3 Nb6 11. Qc2 Nbd5 12. e4 Nb4 13. Qe2 b5 14. Rd1 a5 15.
Ne5 Nd7 16. Nxd7 Qxd7 17. d5 cxd5 18. a3 Na6 19. exd5 Bg4 20. f3 Bf5 21. Be3 b4
22. Ne4 Rfc8 23. Rd2 Bxe4 24. fxe4 bxa3 25. Rxa3 Nb4 26. h4 Be5 27. Kh2 Qc7 28.
Bf2 Qc1 29. Rb3 Rab8 30. Ra3 Ra8 31. Rb3 Rc2 32. Rxc2 Nxc2 33. Qc4 Bxb2 34. Qc6
Rf8 35. Rb5 Nb4 36. Qxc1 Bxc1 37. Rxa5 Nd3 38. Bd4 Rc8 39. Ra7 Kf8 1/2-1/2

[Event "SK Herne-Sodingen 1 - SK Holsterhausen "]
[Site "NRW-Klasse, Gruppe 2 2013/201"]
[Date "2013.11.17"]
[Round "3.2"]
[White "Langers, Alexander"]
[Black "Schwalen, Peter"]
[Result "1/2-1/2"]
[WhiteElo "2168"]
[BlackElo "2077"]
[PlyCount "82"]
[EventDate "2013.??.??"]
[WhiteTeam "SK Herne-Sodingen 1"]
[BlackTeam "SK Holsterhausen 1"]

1. e4 e5 2. Nf3 Nc6 3. Bb5 a6 4. Ba4 Nf6 5. O-O b5 6. Bb3 Be7 7. d3 Bb7 8. c3
O-O 9. Bg5 h6 10. Bh4 d6 11. Nbd2 Nb8 12. Re1 Nbd7 13. d4 Re8 14. a4 c6 15. Bc2
Qc7 16. Bg3 Bf8 17. dxe5 dxe5 18. Nh4 Rad8 19. Qe2 Nc5 20. a5 Bc8 21. Nf5 g6
22. Bh4 Ncd7 23. Ne3 Be7 24. Ndf1 Nh5 25. Bxe7 Rxe7 26. Ng4 Kg7 27. Qe3 Rh8 28.
Qf3 Ndf6 29. Nxf6 Nxf6 30. Ne3 Be6 31. h3 Rd7 32. Red1 Rhd8 33. Rxd7 Rxd7 34.
Qe2 Qd8 35. h4 Rd2 36. Qf3 Ng4 37. Nxg4 Bxg4 38. Qxg4 Rxc2 39. Qg3 Qd6 40. Qe3
c5 41. Rb1 Rd2 1/2-1/2

[Event "SK Herne-Sodingen 1 - SK Holsterhausen "]
[Site "NRW-Klasse, Gruppe 2 2013/201"]
[Date "2013.11.17"]
[Round "3.3"]
[White "Walbaum, Klaus"]
[Black "Waldschmidt, Georg"]
[Result "1/2-1/2"]
[WhiteElo "2144"]
[BlackElo "2197"]
[PlyCount "91"]
[EventDate "2013.??.??"]
[WhiteTeam "SK Holsterhausen 1"]
[BlackTeam "SK Herne-Sodingen 1"]

1. d4 Nf6 2. c4 e6 3. Nc3 c5 4. d5 exd5 5. Nxd5 Nxd5 6. Qxd5 Be7 7. Nf3 Nc6 8.
g3 d6 9. Qd2 Be6 10. b3 Bf6 11. Bb2 Bxb2 12. Qxb2 Qa5+ 13. Nd2 d5 14. cxd5 Bxd5
15. f3 O-O 16. Kf2 Rad8 17. Rc1 Rfe8 18. Rc3 f5 19. e3 Ne5 20. Be2 Ng4+ 21.
fxg4 Bxh1 22. gxf5 b5 23. Qc2 Qb6 24. Nf3 Bxf3 25. Bxf3 Re5 26. Rd3 Rde8 27.
Rd5 Rxe3 28. Qxc5 Qa5 29. Qxe3 Rxe3 30. Kxe3 Qe1+ 31. Kf4 Qc1+ 32. Ke5 Qc3+ 33.
Kf4 a6 34. Rd7 Kf8 35. Be4 Qc1+ 36. Ke5 Qc3+ 37. Kf4 Qc1+ 38. Ke5 Qb2+ 39. Ke6
Qf6+ 40. Kd5 Ke8 41. Rd6 Qb2 42. Rxa6 Qxh2 43. g4 b4 44. Ra7 Qd2+ 45. Ke6 Qh6+
46. Kd5 1/2-1/2

[Event "SK Herne-Sodingen 1 - SK Holsterhausen "]
[Site "NRW-Klasse, Gruppe 2 2013/201"]
[Date "2013.11.17"]
[Round "3.5"]
[White "Dergatschova-Daus, Anna"]
[Black "Graw, Christopher"]
[Result "1-0"]
[WhiteElo "2197"]
[BlackElo "2159"]
[PlyCount "121"]
[EventDate "2013.??.??"]
[WhiteTeam "SK Holsterhausen 1"]
[BlackTeam "SK Herne-Sodingen 1"]

1. e4 c5 2. c3 d5 3. exd5 Qxd5 4. d4 Nf6 5. Nf3 Nc6 6. Be2 e6 7. Be3 cxd4 8.
cxd4 Be7 9. Nc3 Qa5 10. O-O O-O 11. a3 Nd5 12. Bd2 Nxc3 13. Bxc3 Qd8 14. Rc1 b6
15. Qa4 Bb7 16. Rfd1 Rc8 17. Ne5 Nxe5 18. dxe5 Bd5 19. Bf3 Bg5 20. Rb1 a5 21.
Bxd5 exd5 22. Rd4 Rc5 23. h4 Be7 24. Rbd1 Qa8 25. Qd7 Qe8 26. Qb7 Rc6 27. Rg4
h5 28. Rf4 Bc5 29. Rxd5 Qe6 30. Rd7 Bxa3 31. Rfxf7 Rxf7 32. Rxf7 Bf8 33. Rf3
Be7 34. g3 Rc4 35. Qa8+ Rc8 36. Qe4 Rd8 37. Kg2 Rd5 38. Bd4 b5 39. Rc3 b4 40.
Rc8+ Kf7 41. Qf3+ Kg6 42. Rh8 Rxe5 43. Bxe5 Qxe5 44. g4 hxg4 45. Qxg4+ Kf7 46.
Rh5 Qxb2 47. Rxa5 Qd2 48. Qf5+ Bf6 49. Qh5+ Ke7 50. Qc5+ Kf7 51. Rb5 Qa2 52.
Rxb4 Qa8+ 53. f3 Qa2+ 54. Kg3 Qa1 55. Qh5+ Ke7 56. Re4+ Kd6 57. Kg4 Qc1 58. Qb5
Qc8+ 59. Kg3 Qc7 60. Qd3+ Kc6+ 61. f4 1-0

[Event "SK Herne-Sodingen 1 - SK Holsterhausen "]
[Site "NRW-Klasse, Gruppe 2 2013/201"]
[Date "2013.11.17"]
[Round "3.6"]
[White "Schippan, Bernhard"]
[Black "Bobzin, Pierre"]
[Result "1/2-1/2"]
[WhiteElo "2181"]
[BlackElo "2067"]
[PlyCount "36"]
[EventDate "2013.??.??"]
[WhiteTeam "SK Herne-Sodingen 1"]
[BlackTeam "SK Holsterhausen 1"]

1. e4 c6 2. d4 d5 3. e5 Na6 4. Nf3 Bf5 5. Be2 g6 6. O-O Nc7 7. Be3 Bh6 8. Bxh6
Nxh6 9. Qc1 Ng8 10. Nbd2 h5 11. Re1 Nh6 12. Nf1 Bg4 13. h3 Bxf3 14. Bxf3 Ne6
15. c3 Nf5 16. Bd1 Neg7 17. Bc2 e6 18. Ne3 Nxe3 1/2-1/2

[Event "SK Herne-Sodingen 1 - SK Holsterhausen "]
[Site "NRW-Klasse, Gruppe 2 2013/201"]
[Date "2013.11.17"]
[Round "3.7"]
[White "Sicars, Thorsten"]
[Black "Becker, Joerg"]
[Result "0-1"]
[WhiteElo "1945"]
[BlackElo "2149"]
[PlyCount "92"]
[EventDate "2013.??.??"]
[WhiteTeam "SK Holsterhausen 1"]
[BlackTeam "SK Herne-Sodingen 1"]

1. d4 Nf6 2. Bg5 d5 3. e3 c5 4. c3 Ne4 5. Bf4 Nc6 6. Nd2 Bf5 7. Ngf3 e6 8. Nxe4
Bxe4 9. Be2 Qb6 10. Qb3 c4 11. Qxb6 axb6 12. O-O b5 13. a3 Be7 14. Nd2 Bc2 15.
Rfe1 g5 16. Bg3 h5 17. f3 f5 18. Rac1 Ba4 19. e4 f4 20. Bf2 Kd7 21. Bf1 g4 22.
exd5 exd5 23. Re2 Bg5 24. Rce1 Rae8 25. Rxe8 Rxe8 26. Rxe8 Kxe8 27. Be1 Bd1 28.
Kf2 Ne7 29. g3 Nf5 30. Bg2 Ne3 31. Bh1 Kd7 32. fxg4 hxg4 33. gxf4 Bxf4 34. Nf1
Nxf1 35. Kxf1 Ke6 36. Bg3 Bc1 37. Ke1 Bc2 38. Bg2 Bxb2 39. Kd2 Bf5 40. Be1 Bxa3
41. Ke2 Bd6 42. Bg3 Bxg3 43. hxg3 Be4 44. Bxe4 dxe4 45. Ke3 Kd5 46. Kf4 b4 0-1

[Event "SK Herne-Sodingen 1 - SK Holsterhausen "]
[Site "NRW-Klasse, Gruppe 2 2013/201"]
[Date "2013.11.17"]
[Round "3.8"]
[White "Ribbeheger, Edgar"]
[Black "Kortenbusch, Christoph"]
[Result "0-1"]
[WhiteElo "1962"]
[BlackElo "2048"]
[PlyCount "52"]
[EventDate "2013.??.??"]
[WhiteTeam "SK Herne-Sodingen 1"]
[BlackTeam "SK Holsterhausen 1"]

1. d4 Nf6 2. c4 c5 3. d5 b5 4. cxb5 a6 5. bxa6 Bxa6 6. Nc3 g6 7. g3 d6 8. Bg2
Bg7 9. Nf3 Nbd7 10. O-O Nb6 11. Qc2 Nfxd5 12. Nxd5 Nxd5 13. Ng5 e6 14. Qa4+ Qd7
15. Qxd7+ Kxd7 16. Nxf7 Rhf8 17. Ng5 h6 18. Ne4 Bxe2 19. Re1 Bc4 20. Bd2 Bxa2
21. Bf4 Nxf4 22. Nxc5+ dxc5 23. Bxa8 Rxa8 24. gxf4 Bxb2 25. Rad1+ Bd4 26. Kg2
Bd5+ 0-1

[Event "Herforder SV Königsspringer 1 - SV Letm"]
[Site "NRW-Klasse, Gruppe 2 2013/201"]
[Date "2013.11.17"]
[Round "3.1"]
[White "Podzielny, Karl-Heinz"]
[Black "Nordsieck, Thomas"]
[Result "0-1"]
[WhiteElo "2377"]
[BlackElo "2244"]
[PlyCount "98"]
[EventDate "2013.??.??"]
[WhiteTeam "SV Letmathe 1"]
[BlackTeam "Herforder SV Königsspringer 1"]

1. d4 d5 2. Nf3 Nc6 3. c4 Bg4 4. cxd5 Bxf3 5. gxf3 Qxd5 6. e3 e5 7. Nc3 Bb4 8.
a3 Bxc3+ 9. bxc3 Nf6 10. c4 Qd6 11. d5 Ne7 12. a4 Nd7 13. Ba3 Nc5 14. Rg1 b6
15. h4 O-O 16. Bb2 Rae8 17. f4 f6 18. fxe5 fxe5 19. Qc2 Rf7 20. Rg5 Ng6 21. h5
Nh4 22. O-O-O Nf3 23. Rg3 Qh6 24. Kb1 Nh4 25. Bh3 Nf3 26. Bg4 Ng5 27. f3 Qd6
28. Rdg1 h6 29. Bf5 Ref8 30. e4 a6 31. Rxg5 hxg5 32. Rxg5 b5 33. Rg6 Qe7 34. f4
bxa4 35. Bxe5 Rb8+ 36. Ka2 Rb3 37. d6 cxd6 38. Bxd6 Qa7 39. e5 Qb6 40. Be6 Nxe6
41. Rxe6 Qc6 42. f5 Rfb7 43. Bb4 Qc8 44. Ba3 Rxa3+ 45. Kxa3 Qc5+ 46. Ka2 Rb3
47. Qc1 Qf2+ 48. Ka1 Qd4+ 49. Ka2 Rc3 0-1

[Event "Herforder SV Königsspringer 1 - SV Letm"]
[Site "NRW-Klasse, Gruppe 2 2013/201"]
[Date "2013.11.17"]
[Round "3.2"]
[White "Wolf, Andre"]
[Black "Adamski, Jan"]
[Result "1/2-1/2"]
[WhiteElo "2141"]
[BlackElo "2281"]
[PlyCount "38"]
[EventDate "2013.??.??"]
[WhiteTeam "Herforder SV Königsspringer 1"]
[BlackTeam "SV Letmathe 1"]

1. e4 c5 2. Nf3 e6 3. d3 Nc6 4. g3 Nge7 5. Bg2 g6 6. O-O Bg7 7. c3 e5 8. a3 a5
9. a4 O-O 10. Na3 d6 11. Nc4 Rb8 12. Ne3 h6 13. Nd2 Be6 14. Nd5 b6 15. Nc4 Bc8
16. Nce3 Nxd5 17. Nxd5 Ne7 18. Nxe7+ Qxe7 19. f4 f5 1/2-1/2

[Event "Herforder SV Königsspringer 1 - SV Letm"]
[Site "NRW-Klasse, Gruppe 2 2013/201"]
[Date "2013.11.17"]
[Round "3.3"]
[White "Oswald, Hans-Joachim"]
[Black "Peist, Juergen"]
[Result "1/2-1/2"]
[WhiteElo "2190"]
[BlackElo "2237"]
[Annotator "Doe,John"]
[PlyCount "119"]
[EventDate "2013.??.??"]
[WhiteTeam "SV Letmathe 1"]
[BlackTeam "Herforder SV Königsspringer 1"]

1. Nf3 c5 2. c4 b6 3. g3 Bb7 4. Bg2 g6 5. Nc3 Bg7 6. O-O Nf6 7. d3 O-O 8. e4
Nc6 9. h3 Ne8 10. Be3 Nc7 11. Qd2 Re8 12. Bh6 Bh8 13. Ng5 f6 14. Nf3 Ne6 15. h4
Bg7 16. Rae1 d6 17. Nh2 Rb8 18. Nd5 Ned4 19. Bxg7 Kxg7 20. Ng4 Ne5 21. Qh6+ Kh8
22. Nxe5 dxe5 23. f4 Bxd5 24. cxd5 Qd6 25. fxe5 Qxe5 26. Qf4 $11 Kg7 27. Rf2
Qxf4 28. gxf4 e6 29. dxe6 Rxe6 30. Rc1 a5 31. Kh2 Rd8 32. Rc3 Red6 33. Bf1 h6
34. Kg3 g5 35. Rc1 Ne6 36. hxg5 hxg5 37. fxg5 fxg5 38. Kg4 Kg6 39. Rf5 Rh8 40.
Rd5 Rh4+ 41. Kg3 Rxd5 42. exd5 Nf4 43. Re1 Nxd5 44. Re6+ Kf7 45. Re5 Rd4 46.
Rxg5 Nb4 47. a3 Nxd3 48. b3 Kf6 49. Rg8 Ne5 50. Rb8 Rd6 51. Kf4 Nf7 52. a4 Nd8
53. Bc4 Ke7 54. Bb5 Ke6 55. Ke4 Kf6 56. Bc4 Ne6 57. Ke3 Nd4 58. Rb7 Kf5 59.
Rf7+ Ke5 60. Re7+ 1/2-1/2

[Event "Herforder SV Königsspringer 1 - SV Letm"]
[Site "NRW-Klasse, Gruppe 2 2013/201"]
[Date "2013.11.17"]
[Round "3.4"]
[White "Pieper-Emden, Carsten"]
[Black "Gruermann, Martin"]
[Result "1-0"]
[WhiteElo "2156"]
[BlackElo "2110"]
[PlyCount "79"]
[EventDate "2013.??.??"]
[WhiteTeam "Herforder SV Königsspringer 1"]
[BlackTeam "SV Letmathe 1"]

1. d4 d5 2. c4 Nc6 3. e3 e5 4. cxd5 Qxd5 5. Nc3 Bb4 6. Bd2 Bxc3 7. bxc3 Nf6 8.
c4 Qd6 9. d5 Nb8 10. f3 O-O 11. e4 Nbd7 12. Ne2 Nc5 13. Nc1 a5 14. Nb3 b6 15.
Nxc5 Qxc5 16. Qb3 Nd7 17. Be2 f5 18. exf5 Qd4 19. Qc3 Rxf5 20. Rc1 Qh4+ 21. g3
Qh3 22. Bf1 Qh5 23. Bg2 Bb7 24. O-O Rf6 25. f4 exf4 26. Bxf4 c6 27. Qd4 cxd5
28. cxd5 Rc8 29. Rxc8+ Bxc8 30. Qc4 Nc5 31. Bc7 Ba6 32. Qh4 Qxh4 33. gxh4 Bxf1
34. Bxf1 Ne4 35. Bh3 Kf8 36. Be6 Ke7 37. Bxb6 Nc3 38. Bxa5 Nxa2 39. Bg8 Ra6 40.
Bd2 1-0

[Event "Herforder SV Königsspringer 1 - SV Letm"]
[Site "NRW-Klasse, Gruppe 2 2013/201"]
[Date "2013.11.17"]
[Round "3.5"]
[White "Haude, Ruediger"]
[Black "Loemker, Michael"]
[Result "0-1"]
[WhiteElo "2030"]
[BlackElo "2092"]
[PlyCount "164"]
[EventDate "2013.??.??"]
[WhiteTeam "SV Letmathe 1"]
[BlackTeam "Herforder SV Königsspringer 1"]

1. d4 g6 2. Nf3 Bg7 3. g3 Nf6 4. Bg2 O-O 5. O-O d6 6. c4 Nbd7 7. Nc3 c6 8. Bg5
h6 9. Bd2 e5 10. d5 c5 11. Qc2 Ne8 12. Nh4 Nb6 13. b3 Bd7 14. Rae1 Nc8 15. e4
a6 16. a4 Rb8 17. Rb1 a5 18. Be1 Bf6 19. Ne2 Ng7 20. Nf3 b6 21. Bd2 Kh7 22. Ne1
Ne7 23. f4 Bg4 24. Bc3 Ng8 25. fxe5 Bxe5 26. Nf3 Bxc3 27. Nxc3 Qd7 28. Rbe1
Rbe8 29. Nd2 Bh3 30. Rf2 Bxg2 31. Kxg2 Nf5 32. Nf3 Ng7 33. e5 Nf5 34. Rfe2 dxe5
35. Rxe5 Rxe5 36. Rxe5 Nf6 37. h3 Qd6 38. Qe2 Qb8 39. g4 Nd4 40. Nxd4 cxd4 41.
Nd1 Nd7 42. Re4 d3 43. Qf3 Nc5 44. Re7 Kg8 45. Qf6 Nxb3 46. h4 Qc8 47. Ne3 d2
48. Kg3 Qxc4 49. Nxc4 d1=Q 50. Ne3 Qg1+ 51. Kf3 Qh1+ 52. Kg3 Nd2 53. Ng2 Qb1
54. Qf4 Qd3+ 55. Ne3 Qb1 56. Kg2 Qb4 57. Qe5 Nc4 58. Nxc4 Qxc4 59. Kf3 Qb3+ 60.
Kf4 Qxa4+ 61. Qe4 Qa2 62. Ke5 Rd8 63. h5 Qb2+ 64. Qd4 Qh2+ 65. Ke4 Qg2+ 66. Kd3
Qg3+ 67. Re3 Qd6 68. hxg6 Qxg6+ 69. Kd2 Qd6 70. Kd3 a4 71. Re5 a3 72. g5 h5 73.
g6 Qxg6+ 74. Kd2 a2 75. Re1 Qg2+ 76. Kd3 Qg6+ 77. Kd2 Ra8 78. Rg1 a1=Q 79. Rxa1
Qg2+ 80. Ke3 Rxa1 81. Qxa1 Qxd5 82. Kf4 b5 0-1

[Event "Herforder SV Königsspringer 1 - SV Letm"]
[Site "NRW-Klasse, Gruppe 2 2013/201"]
[Date "2013.11.17"]
[Round "3.6"]
[White "Quelle, Helmut"]
[Black "Pfleger, Sascha"]
[Result "1-0"]
[WhiteElo "2084"]
[BlackElo "2004"]
[PlyCount "111"]
[EventDate "2013.??.??"]
[WhiteTeam "Herforder SV Königsspringer 1"]
[BlackTeam "SV Letmathe 1"]

1. Nf3 c5 2. g3 b6 3. Bg2 Bb7 4. O-O Nf6 5. c4 Nc6 6. Nc3 e6 7. e4 e5 8. d3 Be7
9. a3 O-O 10. Rb1 Ne8 11. Nd5 d6 12. b4 Nd4 13. Nxd4 exd4 14. f4 Nc7 15. Bd2
Nxd5 16. cxd5 Qd7 17. Qb3 Rfd8 18. a4 Rac8 19. a5 Rc7 20. axb6 axb6 21. bxc5
dxc5 22. Qxb6 c4 23. Ba5 Rdc8 24. Qb2 c3 25. Qc2 Rc5 26. Bb6 Ra8 27. Bxc5 Bxc5
28. Rb3 Qa4 29. Rfb1 Bc8 30. Bf3 h6 31. Bd1 Kh7 32. Rb8 Rxb8 33. Rxb8 Qa6 34.
Be2 Bd7 35. Rb1 Qa3 36. Bd1 Qa6 37. e5 Bf5 38. Be2 Qc4 39. d6 Qd5 40. Kf2 Bd7
41. Bf3 Qe6 42. Ra1 g6 43. Qa2 Qe8 44. Qc4 Bb6 45. Ra8 Be6 46. Rxe8 Bxc4 47.
Bd1 Bxd3 48. d7 Bf5 49. d8=Q Bxd8 50. Rxd8 d3 51. Ke3 c2 52. Kd2 cxd1=Q+ 53.
Kxd1 g5 54. Rd6 gxf4 55. gxf4 Kg7 56. Kd2 1-0

[Event "Herforder SV Königsspringer 1 - SV Letm"]
[Site "NRW-Klasse, Gruppe 2 2013/201"]
[Date "2013.11.17"]
[Round "3.7"]
[White "Weyrauch, Erich"]
[Black "Bykovskij, Sergej"]
[Result "0-1"]
[WhiteElo "2013"]
[BlackElo "2023"]
[PlyCount "118"]
[EventDate "2013.??.??"]
[WhiteTeam "SV Letmathe 1"]
[BlackTeam "Herforder SV Königsspringer 1"]

1. e4 c6 2. d4 d5 3. Nc3 dxe4 4. Nxe4 Bf5 5. Ng3 Bg6 6. Nf3 Nd7 7. Be2 Ngf6 8.
O-O Qc7 9. Nh4 e6 10. Bg5 Bd6 11. c4 Ne4 12. Be3 Ndf6 13. Rc1 Bf4 14. Qb3 Nxg3
15. hxg3 Bxe3 16. Qxe3 Qb6 17. b3 Rd8 18. Rfd1 O-O 19. Nxg6 hxg6 20. Rd3 Rfe8
21. f4 Qa5 22. a4 Qf5 23. Rcd1 Rd7 24. Bf3 Red8 25. R3d2 a5 26. c5 Nd5 27. Bxd5
Rxd5 28. Qc3 Ra8 29. Re2 Qg4 30. Kf2 g5 31. Qf3 Qxf3+ 32. Kxf3 gxf4 33. gxf4
Rad8 34. Ke3 Rxc5 35. Rd3 Rcd5 36. Rc2 g5 37. g3 Kg7 38. Rc4 Rh8 39. Kf3 Kf6
40. Ke4 Rh1 41. Rc2 gxf4 42. gxf4 Rdh5 43. Rf3 Rd1 44. Rc4 Rd5 45. Re3 Ke7 46.
Rd3 Re1+ 47. Kf3 Rh5 48. Rcc3 Kd6 49. Kg4 Reh1 50. Rg3 R5h4+ 51. Kg5 Rh6 52.
Kg4 Rg6+ 53. Kf3 Rf1+ 54. Ke2 Rxg3 55. Rxg3 Rxf4 56. Kd3 Kd5 57. Rg5+ f5 58.
Rg7 Rxd4+ 59. Kc3 Rb4 0-1

[Event "Herforder SV Königsspringer 1 - SV Letm"]
[Site "NRW-Klasse, Gruppe 2 2013/201"]
[Date "2013.11.17"]
[Round "3.8"]
[White "Heuermann, Heinz-Burkhard"]
[Black "Schaar, Axel"]
[Result "1-0"]
[WhiteElo "1887"]
[BlackElo "1783"]
[PlyCount "113"]
[EventDate "2013.??.??"]
[WhiteTeam "Herforder SV Königsspringer 1"]
[BlackTeam "SV Letmathe 1"]

1. Nf3 e6 2. g3 f5 3. Bg2 Nf6 4. c4 d6 5. d4 Be7 6. Nc3 O-O 7. O-O Nc6 8. Re1
Ne4 9. Qb3 Bf6 10. e3 Kh8 11. Nd2 Nxc3 12. Qxc3 e5 13. Nb3 a5 14. a4 Bd7 15.
Qd2 e4 16. Qd1 Nb4 17. Bf1 Qe8 18. Nd2 c5 19. Nb1 cxd4 20. exd4 Bxd4 21. Qxd4
Nc2 22. Qd1 Nxa1 23. Nc3 Rd8 24. Be3 Bc6 25. Qxa1 Qg6 26. Bf4 Qf6 27. Qc1 h6
28. h4 Rg8 29. h5 Qf7 30. Be2 Rge8 31. Rd1 Qe6 32. Nd5 Bxa4 33. Rd2 Rd7 34. Nb6
e3 35. Bxe3 Bc6 36. Qd1 Qe4 37. Nd5 Bxd5 38. Rxd5 Rf7 39. Bd3 Qe6 40. Bf4 Rd8
41. Qc2 Rc7 42. Qd2 Qe8 43. Rxf5 Re7 44. Kg2 Qc6+ 45. Kh2 Rde8 46. Be3 b6 47.
b3 Re6 48. Be2 a4 49. Qd3 Kg8 50. Rf4 g6 51. hxg6 Re5 52. Bd1 a3 53. Bf3 Rxe3
54. fxe3 Qc5 55. Bd5+ Kg7 56. Rf7+ Kg8 57. Rc7+ 1-0

[Event "SF Neuenkirchen 1 - LSV Turm Lippstadt "]
[Site "NRW-Klasse, Gruppe 2 2013/201"]
[Date "2013.11.17"]
[Round "3.1"]
[White "Wehmeier, Stefan"]
[Black "Muschik, Benedikt"]
[Result "1/2-1/2"]
[WhiteElo "2411"]
[BlackElo "2277"]
[PlyCount "120"]
[EventDate "2013.??.??"]
[WhiteTeam "LSV Turm Lippstadt 1"]
[BlackTeam "SF Neuenkirchen 1"]

1. e4 g6 2. d4 Bg7 3. Nc3 d6 4. Be3 a6 5. f4 b5 6. Bd3 Bb7 7. Nf3 Nd7 8. e5 c5
9. Be4 Bxe4 10. Nxe4 Nh6 11. e6 fxe6 12. Nfg5 Nf5 13. Bf2 Bxd4 14. Nxe6 Qa5+
15. c3 Bxf2+ 16. Kxf2 c4 17. Re1 Qb6+ 18. Kf3 Qc6 19. a4 Kf7 20. N6g5+ Kg7 21.
g4 h6 22. Ne6+ Kf7 23. gxf5 gxf5 24. Kf2 fxe4 25. Nd4 Qd5 26. Rg1 Nf6 27. Qf1
Qh5 28. h3 Rag8 29. f5 Nd5 30. Ke1 Ne3 31. Qf2 Rxg1+ 32. Qxg1 Nxf5 33. Qf2 Kg6
34. Qg2+ Qg5 35. Qxe4 Qe3+ 36. Qxe3 Nxe3 37. axb5 e5 38. Kd2 exd4 39. cxd4 axb5
40. Kxe3 Re8+ 41. Kf3 Rf8+ 42. Ke3 Kh5 43. Ra5 Rf5 44. Ke4 Kg5 45. d5 Rf4+ 46.
Ke3 Rh4 47. Rxb5 Rxh3+ 48. Kd4 Rb3 49. Ra5 Rxb2 50. Ra6 h5 51. Rxd6 h4 52. Kxc4
h3 53. Rd8 h2 54. Rh8 Kg4 55. d6 Kg3 56. Kc5 Kg2 57. d7 Rd2 58. Kc6 h1=Q 59.
Rxh1 Kxh1 60. Kc7 Rxd7+ 1/2-1/2